Music Quiz

Random Music or Lyrics Quiz

I Want To Break Free (Queen) - Lyrics Quiz Stats

 Plays Quiz not verified by Sporcle

Challenge
Share
Tweet
Embed
Score 0/191 Timer 08:00
1 Play Today
Lyrics % Correct
I
99.9%
want
99.9%
to
99.9%
break
99.9%
free
99.9%
I
99.9%
to
99.9%
break
99.9%
free
99.9%
I
99.9%
to
99.9%
break
99.9%
free
99.9%
I
99.9%
to
99.9%
break
99.9%
free
99.9%
I
99.9%
to
99.9%
break
99.9%
free
99.9%
I
99.9%
I
99.9%
I
99.9%
to
99.9%
I
99.9%
I
99.9%
to
99.9%
free,
99.9%
I
99.9%
to
99.9%
free,
99.9%
I
99.9%
to
99.9%
break
99.9%
free.
99.9%
I
99.9%
to
99.9%
I
99.9%
to
99.9%
to
99.9%
to
99.9%
break
99.9%
free.
99.9%
to
99.9%
break
99.9%
free
99.9%
I
99.9%
to
99.9%
break
99.9%
free,
99.9%
I
99.9%
I
99.9%
I
99.9%
I
99.9%
to
99.9%
break
99.9%
free.
99.9%
want
99.8%
want
99.8%
want
99.8%
want
99.8%
want
99.8%
want
99.8%
Lyrics % Correct
want
99.8%
want
99.8%
want
99.8%
want
99.8%
want
99.8%
want
99.8%
the
97.9%
And
97.9%
the
97.9%
you
96.7%
you
96.7%
you
96.7%
you
96.7%
you
96.7%
from
95.3%
know
95.3%
in
94.9%
love
94.9%
in
94.9%
love
94.9%
in
94.9%
love
94.9%
in
94.9%
love.
94.9%
love
94.9%
do
93.6%
I've
92.8%
I've
92.8%
I've
92.8%
I've
92.8%
I've
92.8%
I've
92.8%
I've
92.8%
for
92.6%
for
92.6%
it
92.4%
your
92.1%
got
91.7%
got
91.7%
got
91.7%
got
91.7%
it's
91.6%
It's
91.6%
it's
91.6%
time
91.3%
this
91.3%
time
91.3%
God
90.6%
God
90.6%
God
90.6%
God
90.6%
God
90.6%
don't
90.2%
be
90.2%
be
90.2%
be
90.2%
don't
90.2%
knows,
89.9%
knows
89.9%
first
89.9%
knows,
89.9%
knows
89.9%
knows
89.9%
so
89.8%
Lyrics % Correct
So
89.8%
real
89%
fallen
87.9%
fallen
87.9%
fallen
87.9%
fallen
87.9%
but
86.7%
But
86.7%
But
86.7%
Oh
86.6%
Oh
86.6%
Oh
86.6%
need
85.5%
me
85.1%
can't
83.8%
can't
83.8%
can't
83.8%
on
83.7%
on
83.7%
true
82.1%
my
81.7%
my
81.7%
self
81.2%
have
81.2%
that
81.2%
You're
80.7%
when
80.6%
out
80.3%
like
80%
life
79.4%
door
78.8%
how
78.8%
how
78.8%
how
78.8%
lies
78.7%
satisfied
78.7%
strange
78.6%
walk
77.3%
get
77.2%
get
77.2%
way
76.6%
sure
76.5%
without
75.6%
without
75.6%
without
75.6%
live
74.4%
by
74.3%
living
73.8%
living
73.8%
living
73.8%
see
73.4%
side
72.8%
alone,
72.2%
goes
72.1%
baby
72%
baby
72%
yeah
72%
own
71.6%
still
71%
make
68.8%
used
67.4%
over
66.4%
hey
42%

You're not logged in!

Compare scores with friends on all Sporcle quizzes.
Join for Free
OR
Log In

You Might Also Like...

Show Comments

Extras

Created Oct 25, 2014ReportNominate
Tags:Lyrics Quiz, queen

Top Quizzes Today


Score Distribution

Your Account Isn't Verified!

In order to create a playlist on Sporcle, you need to verify the email address you used during registration. Go to your Sporcle Settings to finish the process.

Report this User

Report this user for behavior that violates our Community Guidelines.

Details: